<?xml version="1.0" encoding="UTF-8"?>
<record
    xmlns:xsi="http://www.w3.org/2001/XMLSchema-instance"
    xsi:schemaLocation="http://www.loc.gov/MARC21/slim http://www.loc.gov/standards/marcxml/schema/MARC21slim.xsd"
    xmlns="http://www.loc.gov/MARC21/slim">

  <leader>00628nam a22001937a 4500</leader>
  <controlfield tag="005">20130704155142.0</controlfield>
  <datafield tag="010" ind1=" " ind2=" ">
    <subfield code="a">B-508988-989</subfield>
  </datafield>
  <datafield tag="020" ind1=" " ind2=" ">
    <subfield code="c">710.00</subfield>
    <subfield code="a">9789350940464</subfield>
  </datafield>
  <datafield tag="035" ind1=" " ind2=" ">
    <subfield code="a">B-508990-991</subfield>
  </datafield>
  <datafield tag="037" ind1=" " ind2=" ">
    <subfield code="b">KBD/Ven</subfield>
  </datafield>
  <datafield tag="082" ind1=" " ind2=" ">
    <subfield code="a">000</subfield>
  </datafield>
  <datafield tag="245" ind1=" " ind2=" ">
    <subfield code="a">Cracking the CSAT Paper 2:</subfield>
    <subfield code="b">civil services aptitude test/</subfield>
  </datafield>
  <datafield tag="260" ind1=" " ind2=" ">
    <subfield code="a">New Delhi</subfield>
    <subfield code="b">Arihant</subfield>
  </datafield>
  <datafield tag="270" ind1=" " ind2=" ">
    <subfield code="a">4577/15, Agarwal Road, Darya Ganj</subfield>
    <subfield code="b">New Delhi</subfield>
    <subfield code="e">110022</subfield>
  </datafield>
  <datafield tag="300" ind1=" " ind2=" ">
    <subfield code="a">984p.</subfield>
    <subfield code="c">26cm(pbk) </subfield>
  </datafield>
  <datafield tag="700" ind1=" " ind2=" ">
    <subfield code="d">K.J.Rajendra Prasad</subfield>
  </datafield>
  <datafield tag="942" ind1=" " ind2=" ">
    <subfield code="2">ddc</subfield>
    <subfield code="c">EN</subfield>
    <subfield code="h">000</subfield>
    <subfield code="m">CRA</subfield>
  </datafield>
  <datafield tag="999" ind1=" " ind2=" ">
    <subfield code="c">77201</subfield>
    <subfield code="d">77201</subfield>
  </datafield>
  <datafield tag="952" ind1=" " ind2=" ">
    <subfield code="0">0</subfield>
    <subfield code="1">0</subfield>
    <subfield code="4">0</subfield>
    <subfield code="7">0</subfield>
    <subfield code="8">NFIC</subfield>
    <subfield code="a">ZLS</subfield>
    <subfield code="b">ZLS</subfield>
    <subfield code="d">2013-07-04</subfield>
    <subfield code="e">KBD/BL20/19.03.2013/171/08.01.2013/22.3.2013</subfield>
    <subfield code="g">710.00</subfield>
    <subfield code="l">0</subfield>
    <subfield code="o">000 CRA</subfield>
    <subfield code="p">B-508988</subfield>
    <subfield code="r">2013-07-04 00:00:00</subfield>
    <subfield code="t">1</subfield>
    <subfield code="v">710.00</subfield>
    <subfield code="w">2013-07-04</subfield>
    <subfield code="y">EN</subfield>
  </datafield>
  <datafield tag="952" ind1=" " ind2=" ">
    <subfield code="0">0</subfield>
    <subfield code="1">0</subfield>
    <subfield code="4">0</subfield>
    <subfield code="7">0</subfield>
    <subfield code="8">NFIC</subfield>
    <subfield code="a">ZLS</subfield>
    <subfield code="b">ZLS</subfield>
    <subfield code="d">2013-07-04</subfield>
    <subfield code="e">KBD/BL20/19.03.2013/171/08.01.2013/22.3.2013</subfield>
    <subfield code="g">710.00</subfield>
    <subfield code="l">13</subfield>
    <subfield code="m">16</subfield>
    <subfield code="o">000 CRA</subfield>
    <subfield code="p">B-508989</subfield>
    <subfield code="r">2024-06-12 00:00:00</subfield>
    <subfield code="s">2024-05-29</subfield>
    <subfield code="t">1</subfield>
    <subfield code="v">710.00</subfield>
    <subfield code="y">EN</subfield>
  </datafield>
</record>
